000 00955cam a22002774a 4500
001 13803440
003 OSt
005 20170224122741.0
008 041201s2006 njua 001 0 eng
010 _a 2004063764
020 _a0131701886
040 _aDLC
_cDLC
_dDLC
042 _apcc
050 0 0 _aTK7868.D5
_bF53 2006
082 0 0 _a621.39/5
_222
100 1 _aFloyd, Thomas L.
245 1 0 _aDigital fundamentals with PLD programming /
_cThomas L. Floyd.
260 _aUpper Saddle River, NJ :
_bPearson Prentice Hall,
_c2006.
300 _axv, 1009 p. :
_bcol. ill. ;
_c28 cm. +
_e1 CD-ROM (4 3/4 in.)
500 _aIncludes index.
650 0 _aDigital electronics.
650 0 _aLogic circuits.
906 _a7
_bcbc
_corignew
_d1
_eocip
_f20
_gy-gencatlg
942 _2lcc
_cBK
999 _c255704
_d255703